[Event "Ubeda"]
[Site "Ubeda"]
[Date "1997.02.20"]
[Round "11"]
[White "Jussupow, Artur"]
[Black "Leko, Peter"]
[Result "1/2-1/2"]
[WhiteElo "2665"]
[BlackElo "2600"]
[Annotator "Ftacnik,L"]
[PlyCount "81"]
[EventDate "1997.02.07"]
[EventType "tourn"]
[EventRounds "11"]
[EventCountry "ESP"]
[EventCategory "16"]
[SourceTitle "CBM 058"]
[Source "ChessBase"]
[SourceDate "1997.06.01"]
[SourceVersion "1"]
[SourceVersionDate "1997.06.01"]
[SourceQuality "1"]

1. d4 Nf6 2. c4 g6 3. Nc3 d5 4. cxd5 Nxd5 5. e4 Nxc3 6. bxc3 Bg7 7. Bc4 c5 8.
Ne2 Nc6 9. Be3 O-O 10. O-O Bg4 11. f3 cxd4 12. cxd4 Na5 13. Bd3 Be6 14. Rc1
Bxa2 15. Qa4 Be6 16. d5 Bd7 17. Qb4 e6 18. Nc3 exd5 19. Nxd5 Be6 20. Rfd1 (20.
Ne7+ Kh8 21. Bb5 Nb3 22. Rfd1 Qa5 23. Qxa5 Nxa5 24. Nd5 a6 25. Be2 Rac8 26. Bb6
Rxc1 27. Rxc1 Nb3 28. Rd1 Rc8 29. Kf2 Bf8 30. Rb1 Bc5+ 31. Ke1 Bxb6 $17 {
1-0 Lautier,J-Timmer,R/Paris-ch 1988/EXT 88ch (53)}) 20... Bxd5 21. exd5 (21.
Bf1 Nc6 22. Qc5 Ne7 23. exd5 b6 24. Qc4 Nf5 25. Bf4 Rc8 $17 {Bareev,E-Lputian,
S/Sochi/1987/}) 21... Re8 (21... Qxd5 22. Be4 (22. Bc4 Qe5 23. Bd4 Qxd4+ 24.
Rxd4 Bxd4+ 25. Kf1 Nxc4 26. Rxc4 Bb6 27. g4 Rad8 {1/2-1/2 Barkhagen,J-Marcus,J/
WchJ-U16 Singapore/1990 (45)}) 22... Qb3 23. Bd2 b6 24. Bxa8 Rxa8 25. Qe7 (25.
Qe4 Rd8 26. Rb1 Qc4 27. Be3 {1/2-1/2 Barkhagen,J-Khenkin,I/Rilton Cup (07)
1991 (35)}) 25... Nc4 26. Bf4 h5 27. Qe4 Rc8 28. Rd7 Qb5 29. Rxa7 Qc6 30. Qe7 {
1-0 Wilder,M-Kudrin,S/USA-ch/1988 (36)}) (21... Be5 22. Bc5 b6 (22... Re8 23.
Bb5 b6 24. Bxe8 bxc5 25. Qa4 $16) 23. Bxf8 Qxf8 24. Qxf8+ Kxf8 {1/2-1/2 Lukacs,
P-Fette,M/Miskolc (01)/1990/}) (21... b6 $6 22. d6 Rc8 (22... Nb7 23. Be4 Rb8
24. Rc7) (22... Qd7 $5) 23. Ba6 $1 Rxc1 (23... Rc6 24. d7 $18) 24. Rxc1 Qd7 (
24... Re8 25. Bf4) (24... Be5 25. Bh6 $1 Bxd6 26. Qb2 f6 27. Qa2+ $1 Kh8 28.
Bxf8 Bxf8 29. Qf7 $18) 25. Bg5 $1 $16 {1-0 Cramling,P-Amura,C/Merlo (m5)/1994 
(35)}) 22. Bf2 (22. Bf4 Qf6 (22... Bf8 23. d6 Qf6 24. Bb5 Red8 25. Rc7 a6 26.
Bf1 Nc6 27. Qd2 Rxd6 28. Bxd6 Rd8 29. Bc4 Bxd6 30. Rxf7 Bxh2+ 31. Kh1 {1-0
Lukacs,P-Spiriev,P/Budapest Kasparov (03)/1991/}) (22... Be5 23. Bxe5 Rxe5 24.
d6 {+/- Lukacs} Rd5 25. Be4 (25. Be4 Qb6+ 26. Qxb6 Rxd1+ 27. Rxd1 axb6 28. Rb1
{1/2-1/2 Lukacs,P-Horvath,Jzsef/HUN/1991/}) 25... Qb6+ $1 26. Qxb6 Rxd1+ 27.
Rxd1 axb6 28. Rb1 {1/2-1/2 Lukacs,P-Horvath,J/HUN-ch (05)/1991/}) (22... Qxd5
23. Be4 $18) (22... Qb6+ 23. Qxb6 axb6 24. Bb5 $16) 23. Bc7 Qd4+ 24. Qxd4 Bxd4+
25. Kf1 Bb6 26. d6 Bxc7 27. Rxc7 Kf8 28. Be4 Rac8 29. Kg1 Rxc7 30. dxc7 Ke7 31.
Bxb7 {1-0 Lukacs,P-Luecke,N/Borsodtavho (08)/1991/}) 22... Bf8 (22... Be5 23.
Bb5 Bd6 24. Qa4 Rf8 25. Bh4 (25. Bh4 f6 26. Re1 b6 27. Re6 {1/2-1/2 Astrom,
R-Ernst,T/SVE-ch Goteborg/1990 (45)}) 25... f6 26. Bd7 Kh8 27. Be6 b6 28. f4
Nb7 29. f5 Nc5 30. Qg4 g5 31. Bf2 a5 32. Rc3 a4 {0-1 Wessman,R-Lputian,S/New
York op (05)/1990 (47)}) (22... Bh6 23. Ra1 b6 24. Ba6 Qf6 25. Qa4 Rad8 26. Ra3
Bf8 27. Ra2 Bd6 28. Bh4 Qe5 29. Bxd8 Qxh2+ 30. Kf1 Rxd8 {1-0 Gustavsson,
C-Schnegelsberg,K/Hessen-ch (03)/1992 (34)}) 23. Qb2 (23. Qa4 Bd6 (23... a6 24.
d6 (24. Ra1 b6 25. Rdb1 Nb7 26. Qc6 Nc5 27. Bf1 Rc8 $11) 24... b5 (24... Bxd6
25. Be4 Re6 26. Bd5 Re2 27. Bh4 Qb6+ 28. Kh1 Qb5 29. Qxb5 axb5 30. Bxf7+ Kxf7
31. Rxd6 Nc4 32. Rd7+ Kg8 33. Rxb7 {1/2-1/2 Shipov,S-Neverov,V/St.Petersburg
op2 (03)/1994 (44)}) 25. Qa2 Bxd6 26. Be4 Rb8 27. Rxd6 Qxd6 28. Qxa5 {Cramling,
P-Qin Kanying/Jakarta iztW/1993/1-0 (78)}) 24. Bb5 Rf8 (24... Re7 25. Bh4 Qb6+
26. Kh1 a6 27. Bxe7 axb5 28. Qh4) 25. Bh4 (25. Bh4 f6 26. Re1 b6 27. Re6 Rc8
28. Rce1 Bc5+ 29. Kh1 Qxd5 30. Rxf6 Qd4 {1/2-1/2 Lukacs,P-Fogarasi,T/Budapest
FS07 GM (03)/1993 (45)}) (25. Bh4 f6 26. Bd7 Kh8 27. Be6 b6 28. f4 Nb7 29. f5
Nc5 30. Qg4 g5 31. Bf2 a5 32. Rc3 a4 {0-1 Wessman,R-Lputian,S/New York op/1990
(47)}) 25... f6 26. Re1 a6 27. Bd7 b5 28. Qg4 Ra7 29. Qe6+ Kg7 30. Rc8 Qxd7 31.
Bxf6+ Rxf6 32. Rg8+ Kh6 33. Qxf6 {1-0 Cramling,P-Tsuboi,E/Manila olm/1992 (39)}
) 23... Bg7 24. Qa2 a6 (24... Be5 $6 25. Bb5 Rf8 26. Bc5 $14) 25. d6 Nc6 26.
Be4 (26. d7 $2 Re7 (26... Qxd7 27. Bxg6 Qe6 28. Qxe6 Rxe6 29. Be4 $15) 27. Bc4
Rxd7 28. Bxf7+ Kh8 $17) 26... Qd7 27. Bb6 Rac8 28. Bc7 Rxc7 (28... Bh6 $5 29.
Rb1 Rxc7 30. dxc7 Qxc7 31. Kh1 $13) 29. dxc7 Qxc7 30. Bxc6 bxc6 31. Qxa6 (31.
Qa4 Rc8 (31... Qb6+ $5 32. Kh1 Qb5 $13) 32. Qxa6 c5 33. Qd6 Qxd6 34. Rxd6 c4
35. Rd7 c3 $14) 31... Be5 32. h3 (32. Qxc6 Bxh2+ 33. Kh1 Qxc6 34. Rxc6 Bg3 $11)
(32. g3 Bxg3 $1) 32... c5 33. Qb5 Rd8 $1 34. Rxd8+ Qxd8 35. Kh1 (35. Rxc5 $4
Qd1+ 36. Kf2 Bd4+ 37. Kg3 Qe1+ 38. Kg4 Qe6+ $19) 35... Bd4 36. Re1 Kg7 37. f4 (
37. Qd3 Qg5 $13) 37... h5 38. Qe8 (38. g3 $2 h4 39. g4 Qa8+ 40. Kh2 Qf3 $17)
38... Qf6 39. Qe4 h4 40. Rf1 Qa6 41. Rd1 (41. Rd1 Qf6 $11) 1/2-1/2

[Event "WCC cand"]
[Site "Cazorla"]
[Date "1998.05.30"]
[Round "5"]
[White "Kramnik, Vladimir"]
[Black "Shirov, Alexei"]
[Result "1/2-1/2"]
[WhiteElo "2790"]
[BlackElo "2710"]
[Annotator "Hecht,H"]
[PlyCount "130"]
[EventDate "1998.05.24"]
[EventType "match"]
[EventRounds "9"]
[EventCountry "ESP"]
[SourceTitle "CBM 065"]
[Source "ChessBase"]
[SourceDate "1998.08.06"]
[SourceVersion "1"]
[SourceVersionDate "1998.08.06"]
[SourceQuality "1"]

1. d4 Nf6 2. c4 g6 3. Nc3 d5 4. cxd5 Nxd5 5. e4 Nxc3 6. bxc3 Bg7 7. Bc4 c5 8.
Ne2 Nc6 9. Be3 O-O 10. O-O Bg4 11. f3 Na5 12. Bd3 cxd4 13. cxd4 Be6 14. Rc1
Bxa2 15. Qa4 Bb3 16. Qb4 b6 17. Bg5 f6 18. Bh4 (18. Bf4 e5 {Kramnik-Shirov/WCC
Cand-f (01)/1998/}) 18... Qd6 (18... Bf7 19. d5 e6) 19. Qxd6 exd6 20. d5 {
/\ Ne2-d4-e6} f5 (20... Ba4 {Sakaev}) (20... Rac8 {Sakaev}) 21. exf5 gxf5 22.
Ng3 Bb2 23. Nxf5 Bc4 (23... Bxc1 24. Rxc1 $36 Rae8 $140 (24... Rac8 $140 $2 25.
Ne7+) 25. Nh6+ Kg7 26. Rc7+ Kxh6 27. Rxh7#) 24. Ne7+ Kh8 25. Bxc4 Rf4 26. Bg5
Rxc4 27. Rce1 Rc2 28. Nf5 (28. f4 $1 {/\ f4-f5-f6+-}) 28... Nc4 29. Re6 Rf8 30.
Nxd6 (30. g4 $1 $16 {Dolmatov}) 30... Nxd6 31. Rxd6 Re8 32. Rd1 Ree2 33. Kh1
Rxg2 34. Rd8+ Kg7 35. Bf4 Bf6 36. Ra8 Bg5 37. Be5+ Bf6 38. Bf4 Bg5 39. Rxa7+
Kg6 40. Ra8 Kf7 41. Ra7+ Kg6 42. Bb8 h5 43. Rb7 Be3 44. Re7 Bc5 45. Re6+ Kg5
46. Re4 Kf5 47. Bf4 Rge2 48. Rxe2 Rxe2 49. Bg3 Re8 50. Kg2 Rd8 51. Kh3 Rd7 52.
d6 h4 53. Rd5+ Ke6 54. Re5+ Kf6 55. Kxh4 Rh7+ 56. Rh5 Rxh5+ 57. Kxh5 {[#] Due
to the strong black b-pawn, White can't keep his d6 pawn. After its fall, the
draw with two-versus-one passed pawns is unavoidable. [#] Wegen des starken
schwarzen b-Bauern kann WeiЯ den Bd6 nicht halten. Danach ist das Remis bei
2-1 Freibauern unvermeidlich.} b5 {[%cal Yb5b4,Yb4b3,Yc5d4,Yc5a3]} 58. d7 Ke7
59. Be5 Kxd7 60. Bb2 (60. Kg6 $5 b4 (60... Bd6 61. Bxd6 Kxd6 62. Kf5 Kd5 63.
Kf4 Kc4 (63... Kd4 64. h4 b4 65. h5 b3 66. h6 b2 67. h7 b1=Q 68. h8=Q+ Kc4 (
68... Kc5 69. Qe5+ {followed by Qe4+ or Qb8+ nebst De4+ oder Db8+}) 69. Qc8+
Kd4 70. Qd7+ Kc3 71. Qc6+ Kd2 72. Qd5+ Kc3 73. Qc5+ Kd2 74. Qe3+ $18) 64. Ke3
Kc3 65. h4 {and the h-pawn queens with check. und h8D erfolgt mit Schach} b4
66. h5 b3 67. h6 b2 68. h7 b1=Q 69. h8=Q+ Kc4 70. Qd4+ Kb5 71. Qd3+ $18) 61. f4
b3 {aber:} (61... Bd6 $1 $11) 62. Bb2 Bd6 63. Kg5 {and White can play on. und
WeiЯ kann noch spielen}) 60... Ke6 61. Kg6 Bd6 62. h4 b4 63. h5 (63. Bc1 b3 64.
f4 Bxf4) 63... Bf4 {[%cal Yf4d2,Yd2c3]} 64. h6 Bxh6 65. Kxh6 Kf5 (65... Kf5 66.
Bc1 b3 67. Kh5 b2 68. Bxb2 Kf4 $11) 1/2-1/2

[Event "DDR-ch31 Final"]
[Site "Salzwedel"]
[Date "1982.02.15"]
[Round "7"]
[White "Knaak, Rainer"]
[Black "Gauglitz, Gernot"]
[Result "1-0"]
[WhiteElo "2495"]
[BlackElo "2310"]
[Annotator "Knaak,R"]
[PlyCount "63"]
[EventDate "1982.02.09"]
[EventType "tourn"]
[EventRounds "13"]
[EventCountry "DDR"]
[EventCategory "6"]
[SourceTitle "MCL"]
[Source "ChessBase"]
[SourceDate "1999.07.01"]
[SourceVersion "1"]
[SourceVersionDate "1999.07.01"]
[SourceQuality "1"]

1. d4 Nf6 2. c4 g6 3. Nc3 d5 4. cxd5 Nxd5 5. e4 Nxc3 6. bxc3 Bg7 7. Bc4 c5 8.
Ne2 cxd4 9. cxd4 Nc6 10. Be3 O-O 11. O-O Bg4 12. f3 Na5 13. Bd3 (13. Rc1 $5) (
13. Bxf7+ $1 Rxf7 14. fxg4 Rxf1+ 15. Kxf1 {Sevilla-Variation. Karpov-Kasparov 
(03)/Wch34/1987/}) 13... Be6 14. d5 $5 (14. Rc1 Bxa2) (14. Qa4) 14... Bxa1 15.
Qxa1 f6 16. Qb1 $44 (16. Bd2 Nc6 $1) 16... Bd7 (16... Bf7 {Knaak-Gauglitz/
Fuerstenwalde/1981/}) 17. e5 $5 fxe5 (17... Bf5 $5) 18. Bxg6 hxg6 19. Qxg6+ Kh8
20. f4 $5 (20. Qh6+ $10) 20... Bf5 21. Qh5+ Bh7 22. Qxe5+ Rf6 23. Bd4 Nc4 24.
Qe6 Qd6 25. f5 $1 Rd8 $2 (25... Qxe6 $142 26. dxe6 Ne3 $1 27. Bxe3 Rxf5 28. Re1
$13) 26. Rf4 $1 b5 (26... Qxe6 27. fxe6 $1 Rc8 28. Bxf6+ exf6 29. Rxf6 $16) 27.
g4 $1 Rg8 (27... Qxe6 28. dxe6 $16) 28. Kf1 $1 Rg7 $6 29. Bxf6 exf6 30. Rxc4 $1
Qxe6 31. fxe6 bxc4 32. d6 1-0

[Event "EU-ch 4th"]
[Site "Istanbul"]
[Date "2003.06.13"]
[Round "13"]
[White "Palo, Davor"]
[Black "Ruck, Robert"]
[Result "1-0"]
[WhiteElo "2483"]
[BlackElo "2569"]
[Annotator "Krasenkow,M"]
[PlyCount "93"]
[EventDate "2003.05.30"]
[EventType "swiss"]
[EventRounds "13"]
[EventCountry "TUR"]
[SourceTitle "CBM 096"]
[Source "ChessBase"]
[SourceDate "2003.09.25"]
[SourceVersion "1"]
[SourceVersionDate "2003.09.25"]
[SourceQuality "1"]

1. d4 Nf6 2. c4 g6 3. Nc3 d5 4. cxd5 Nxd5 5. e4 Nxc3 6. bxc3 Bg7 7. Bc4 c5 8.
Ne2 Nc6 9. Be3 O-O 10. O-O Bg4 11. f3 cxd4 12. cxd4 Na5 13. Bd3 Be6 14. d5 Bxa1
15. Qxa1 f6 16. Bh6 Bd7 {Giving up the exchange at once, Black can hardly
equalize.} (16... Re8 {is the main theoretical line.}) 17. Bxf8 Qb6+ 18. Qd4 {
The simplest course as the endgame is slightly better for White due to his
advantage in the centre.} (18. Nd4 {gives Black sufficient counterplay:} Rxf8
19. Rb1 Qd6 20. Qc3 (20. Bb5 Rc8 21. Bxd7 Qxd7 22. Ne6 Qa4 $13 {Lagunow}) 20...
Qe5 21. Rc1 $6 (21. Ne2 $142) 21... Rc8 22. Qxc8+ Bxc8 23. Rxc8+ Kg7 24. Ne6+
Kh6 25. f4 Qb2 $1 $17 {0-1 Christiansen,L-Lagunow,A/Porz 1991/EXT 97 (68)})
18... Qxd4+ 19. Nxd4 Kxf8 20. Rc1 Rc8 21. Rxc8+ Bxc8 22. f4 $1 (22. Kf2 e5 23.
dxe6 Ke7 24. Ke3 Bxe6 25. Nxe6 Kxe6 26. Kd4 g5 $11 {0-1 Emodi,B-Berebora,F/
Erkelmem 1992/EXT 98 (40)}) 22... Kf7 23. Kf2 a6 {The point is that Black
can't play} (23... e6 {in view of} 24. Nb5 $1) {The text move makes Black's
queenside pawns vulnerable. This "minor" circumstance is quite sufficient for
White to win.} 24. Ke3 e6 25. Nxe6 Bxe6 26. dxe6+ Kxe6 {The rest of the game
shows a big advantage of a bishop over a knight when the fight goes on both
sides.} 27. Kd4 {Black can't cover the c5 square with ...b6!} Kd7 ({Or} 27...
Kd6 28. e5+ fxe5+ 29. fxe5+ Kc7 (29... Ke6 30. Kc5 Kxe5 31. Kb6 Nc6 32. Bxa6
Nb4 33. Bc4 Kd4 34. Bg8 $18) (29... Kd7 30. Kc5 Kc7 31. Kd5) 30. Kd5 $1 {
and White should win, e.g.} Kd7 31. e6+ Ke7 32. Kc5 Kxe6 33. Kb6 Nc6 34. Bxa6
$18) 28. Kc5 Kc7 29. Kd5 Kd7 30. Be2 $1 {[%cal Re2g4] Forcing another weakness
in Black's camp.} h5 {[%csl Rg6]} 31. e5 $1 fxe5 32. Kxe5 Ke7 33. Kd5 {[%cal
Rd5c5,Rc5b6] If the white king comes to b6, Black can resign.} Kd7 34. Kc5 Kc7
{But now...} 35. Bd3 {and the g6 pawn falls. The rest is easy.} Nc6 36. Bxg6
b6+ 37. Kc4 h4 38. Be4 Ne7 39. g4 Kd6 40. Kd4 Ke6 41. Bb7 a5 42. Kc4 Kd6 43.
Be4 h3 44. Kb5 Nd5 45. Bxd5 Kxd5 46. g5 Ke4 47. g6 {En excellent game by Davor
Palo!} 1-0

[Event "RUS-ch qual 57th"]
[Site "Tomsk"]
[Date "2004.05.30"]
[Round "8"]
[White "Korotylev, Alexey"]
[Black "Timofeev, Artyom"]
[Result "1/2-1/2"]
[WhiteElo "2565"]
[BlackElo "2591"]
[Annotator "Krasenkow,M"]
[PlyCount "73"]
[EventDate "2004.05.23"]
[EventType "swiss"]
[EventRounds "9"]
[EventCountry "RUS"]
[SourceTitle "CBM 102"]
[Source "ChessBase"]
[SourceDate "2004.09.23"]
[SourceVersion "1"]
[SourceVersionDate "2004.09.23"]
[SourceQuality "1"]

1. d4 Nf6 2. c4 g6 3. Nc3 d5 4. cxd5 Nxd5 5. e4 Nxc3 6. bxc3 Bg7 7. Bc4 c5 8.
Ne2 O-O 9. O-O Nc6 10. Be3 Bg4 11. f3 Na5 12. Bd3 cxd4 13. cxd4 Be6 14. d5 Bxa1
15. Qxa1 f6 16. Bh6 Re8 17. Kh1 Rc8 18. Nf4 Bd7 19. e5 Nc4 20. e6 Ba4 21. Nxg6
hxg6 22. Bxg6 Ne5 23. Be4 Bc2 24. Bxc2 Rxc2 25. Qd1 Kh7 26. f4 Kxh6 27. fxe5 {
This forced line was examined in some of the previous CBM issues (e.g. CBM95,
annotations to Hansen-McShane).} Qc8 {[%mdl 8]} ({As already mentioned in
CBM95,} 27... Qc7 {is good enough for equality. Here are some recent practical
examples:} 28. exf6 (28. d6 Qc6 29. Qg4 fxe5 30. Qh3+ Kg6 31. d7 Rf8 32. Qg4+
Kh6 33. Qh4+ Kg6 34. Qg3+ Kh6 35. Qh4+ Kg6 36. Qg4+ Kh6 37. Qh3+ Kg6 38. Qd3+
Kh6 39. Qh3+ Kg6 {1/2-1/2 Vaisser,A-Shomoev,A/playchess.com INT 2004 (39)})
28... Qc4 29. f7 Rf8 30. d6 exd6 (30... Qe4 $4 31. Qxc2 $3 Qxc2 32. dxe7 $18)
31. Re1 $5 {The only, double-edged way for White to play for a win.} (31. e7
Rxf7 $1 32. Qxd6+ Kh7 33. Rxf7+ Qxf7 34. Qd3+ Kg7 35. Qd4+ $11) 31... Rf2 32.
h3 d5 33. a4 d4 $6 {A serious inaccuracy} (33... Rc8 $142 $1 $13) 34. Kg1 $1
R2xf7 35. exf7 Rxf7 36. Re4 $16 {[%csl Rh6] 1-0 Lobron,E-Koster,R/Amsterdam
NED 2004/The Week in Chess 507 (50)}) (27... Rc4 $143 28. Qd3 b5 29. exf6 exf6
30. d6 Kg7 31. Qg3+ Kh7 32. Qh3+ Kg7 33. Qg3+ Kh7 34. Qf3 Kg6 35. Qd5 $16 {
1-0 Hansen,C-McShane,L/Malmoe 2003/CBM95[M.Krasenkow] (43)}) {GM Artyom
Timofeev finds another way.} 28. exf6 Rg8 $5 {This unusual idea appears to be
sufficient for the draw.} 29. f7 (29. Qd3 Rgxg2 30. Qh3+ Kg6 {and White must
give the perpetual check.}) 29... Rgxg2 30. f8=Q+ {This leads to a drawish
endgame.} (30. Qxc2 $142 Rxc2 31. f8=Q+ Qxf8 32. Rxf8 {keeping the h2 pawn
although Black should not lose after} Rd2 33. Rd8 Kg6) 30... Qxf8 31. Rxf8
Rxh2+ 32. Kg1 Rcg2+ 33. Kf1 Rh1+ 34. Kxg2 Rxd1 35. Rd8 Kg6 36. Kf3 Kf6 37. Ke4
(37. Ke4 Re1+ $11) 1/2-1/2

[Event "HUN-ch 54th"]
[Site "Budapest"]
[Date "2004.08.22"]
[Round "4"]
[White "Berkes, Ferenc"]
[Black "Flumbort, Andras"]
[Result "1/2-1/2"]
[WhiteElo "2614"]
[BlackElo "2493"]
[Annotator "Krasenkow,M"]
[PlyCount "43"]
[EventDate "2004.08.19"]
[EventType "tourn"]
[EventRounds "9"]
[EventCountry "HUN"]
[EventCategory "13"]
[SourceTitle "CBM 103"]
[Source "ChessBase"]
[SourceDate "2004.11.11"]
[SourceVersion "1"]
[SourceVersionDate "2004.11.11"]
[SourceQuality "1"]

1. d4 Nf6 2. c4 g6 3. Nc3 d5 4. cxd5 Nxd5 5. e4 Nxc3 6. bxc3 Bg7 7. Bc4 c5 8.
Ne2 Nc6 9. Be3 O-O 10. O-O Bg4 11. f3 Na5 12. Bd3 cxd4 13. cxd4 Be6 14. d5 Bxa1
15. Qxa1 f6 16. Qb1 {An old, well-forgotten move.} Bf7 (16... Bd7 17. Bh6 (17.
e5 fxe5 18. Bxg6 hxg6 19. Qxg6+ Kh8 20. f4 $5 (20. Qh6+ $10) 20... Bf5 (20...
Nc4 21. Rf3 Nxe3 22. Rg3 Bg4 23. Qh6+ {1/2-1/2 Schachl,M-Traudes,W/Germany
2000/EXT 2002 (23)}) 21. Qh5+ Bh7 22. Qxe5+ Rf6 23. Bd4 Nc4 24. Qe6 Qd6 25. f5
$1 $13 {1-0 Knaak,R-Gauglitz,G/Salzwedel 1982/MCL/[Knaak] (32)}) 17... Qc7 (
17... Rf7 $5 18. e5 $140 fxe5 19. Bxg6 hxg6 20. Qxg6+ Kh8 21. Qxf7 Qb6+) 18.
Rc1 Qd6 19. Bxf8 Kxf8 20. Qb2 b6 21. Bb5 $1 $16 {1-0 Anikaev,Y-Kalinski,I/
Beltsy 1977/MCD (41)}) 17. Nd4 $1 {The best move. Other options:} (17. Qb4 $6
Nc6 $1 18. Qxb7 Ne5 19. Bb5 a6 20. Ba4 Qd6 21. Rc1 Rfb8 22. Qc7 Rb2 23. Qxd6
exd6 24. Nd4 Rxa2 25. Bc6 Rb8 26. Bh6 Nd3 27. Rd1 Rbb2 {0-1 Stefanov,J-Moe,M/
Oerebro 1966/EXT 2000 (27)}) (17. Bh6 Re8 18. Bb5 Qb6+ 19. Kh1 Rec8 20. Qd3 Qd8
21. Rd1 a6 22. Ba4 b5 23. Bc2 Nc4 $17 {0-1 Boccioni,F-Fano,V/Pellestrina 1979/
EXT 99 (46)}) (17. Kh1 Qd6 18. Qe1 Qa3 19. Nf4 Rac8 20. Bb1 Nc4 21. Bc1 Qa5 $17
{0-1 Marsh,S-Round,M/Clevaland 2003/CB03 (34)}) (17. Rc1 $5 b6 (17... e6 $5)
18. Bh6 Nb7 19. Bxf8 Qxf8 20. Nd4 Nc5 21. Nc6 Kg7 22. Bc4 $14 {1-0
Leeuwenburgh,E-Van Alfen,R/Haarlem 2001/EXT 2002 (40)}) 17... Rc8 18. Qb4 b6 ({
Black is close to equality after} 18... e6 $5 19. dxe6 Bxe6 20. Nxe6 Qxd3 21.
Bd2 b6 22. Nxf8 Rxf8 23. Bh6 Re8 24. Qb2 Kf7 25. Rc1 Qd7 26. Be3 Re6 $14 {
0-1 Knaak,R-Schmidt,W/Halle 1976/MCL (42)}) 19. Bh6 (19. Ba6 Rc5 20. Bh6 Qc7
21. Bxf8 Kxf8 22. Qd2 Kg7 23. Rb1 Nc4 24. Bxc4 Rxc4 25. Rd1 $11 {1-0 Knaak,
R-Gauglitz,G/Fuerstenwalde 1981/MCD (42)}) 19... Rc5 20. Nb5 (20. Bxf8 Kxf8 $11
) 20... e6 $1 {This typical blow in the centre is an improvement over the
following old game:} (20... Qd7 21. Bxf8 Kxf8 22. Rd1 e6 23. Qd4 Kg7 24. dxe6
Qxe6 25. Bf1 Nc6 26. Qd7 a6 27. Nc7 Qxd7 28. Rxd7 Rc1 29. Nd5 b5 30. Rc7 $14 {
1-0 Damjanovic,M-Szabo,L/Kecskemet 1964/EXT 98 (41)}) 21. Bxf8 Kxf8 22. Nxa7 (
22. Rc1 $142 Qe7 23. Rxc5 Qxc5+ 24. Qxc5+ bxc5 $11) ({After} 22. Nxa7 {Black
could have safely played for a win as his pieces were placed better:} exd5 23.
Qd4 (23. exd5 Bxd5 $15) 23... Qe7 24. Nb5 Nc6 $15) 1/2-1/2

[Event "Candidates final"]
[Site "Elista"]
[Date "2007.06.11"]
[Round "2.5"]
[White "Aronian, Levon"]
[Black "Shirov, Alexei"]
[Result "1/2-1/2"]
[WhiteElo "2759"]
[BlackElo "2699"]
[Annotator "Krasenkow,M"]
[PlyCount "67"]
[EventDate "2007.06.06"]
[EventType "k.o."]
[EventRounds "6"]
[EventCountry "RUS"]
[SourceTitle "CBM 119"]
[Source "ChessBase"]
[SourceDate "2007.08.01"]
[SourceVersion "1"]
[SourceVersionDate "2007.08.01"]
[SourceQuality "1"]

1. d4 Nf6 2. c4 g6 3. Nc3 d5 4. cxd5 Nxd5 5. e4 Nxc3 6. bxc3 Bg7 7. Bc4 c5 8.
Ne2 Nc6 9. Be3 O-O 10. O-O Bg4 11. f3 Na5 12. Bd3 cxd4 13. cxd4 Be6 14. d5 Bxa1
15. Qxa1 f6 16. Bh6 Re8 17. Qd4 Bf7 18. Bb5 e5 19. Qf2 Re7 20. f4 exf4 21. Qxf4
Qb6+ 22. Kh1 Bxd5 23. exd5 Qxb5 24. Qxf6 Qe8 25. Qd4 {This topical line was
examined in CBM117, annotations to Topalov-Shirov. Alexey lost that game but
now comes up with a powerful improvement:} Rf7 $1 {[%mdl 4] Actually this move
had been introduced a month earlier by Russian IM Alexander Danin. However,
the copyright probably belongs to GM Konstantin Sakaev who suggested it in his
book published last year.} 26. Rxf7 Qxf7 27. Bd2 (27. h3 Rd8 (27... Re8 $5 28.
Ng3 Qe7 29. d6 $140 Nc6 $1) 28. Qc3 b6 29. Ng3 Re8 30. Qd4 g5 $1 (30... Qe7 $2
31. d6) 31. Ne4 $2 (31. Bxg5 Qg7 32. Qg4 h6 33. Nf5 Qa1+ 34. Kh2 hxg5 35. Qxg5+
Kf8 36. Qh6+ Kg8 $11) 31... Qf1+ 32. Kh2 Qf4+ 33. Kh1 Qe5 34. Nf6+ Kf7 $19 {
0-1 Rakhmanov,A-Danin,A/Sochi RUS 2007/The Week in Chess 653 (38)}) 27... Qg7
$1 {This is safer than} (27... Nc4 $5 {suggested by K.Sakaev. After} 28. Bc3
Kf8 29. Qh8+ (29. Nf4 Nb6 30. Ne6+ Ke8) 29... Qg8 30. Bb4+ Kf7 31. Qd4 Nb6 32.
Qf4+ Ke8 33. Qe5+ Kd7 34. Qe7+ Kc8 35. d6 {White keeps a good compensation for
the exchange in a tense position.}) 28. Qe4 ({After} 28. Qxg7+ Kxg7 29. Bxa5
Rc8 30. Kg1 (30. Bb4 Rc2 31. Ng1 Kf6) 30... Rc5 31. Bc3+ Kf7 {Black recaptures
the d5 pawn with an equal endgame, e.g.} 32. d6 $6 (32. Kf2 $142) 32... Ke6 33.
Nf4+ Kd7 {[%cal Rc5c4]}) 28... Qf7 29. Bc3 (29. Bxa5 $2 Re8 30. Qc2 Qf2) 29...
Rc8 30. h3 Nc4 31. Qd4 Kf8 {Compared to Sakaev's line, h2-h3 Ra8-c8 is
included, which is rather good for Black.} 32. Qh8+ (32. d6 Ke8 33. d7+ Qxd7
34. Qh8+ Ke7 35. Qf6+ Ke8 36. Qh8+ Ke7 $11 37. Qxh7+ $6 Kd6 38. Qxg6+ Kc7) (32.
Nf4 Ke8 33. Ne6 b6 {doesn't worry Black too much either.}) 32... Qg8 33. Qd4 (
33. Bb4+ Kf7 34. Qd4 {is now senseless.}) 33... Qf7 34. Qh8+ 1/2-1/2